ARRUPE JESUIT UNIVERSITY

CORONAVIRUS -STOP THE SPREAD - CLEAN,DISINFECT,COVER

Abyssinian Adventure (Record no. 120247)

MARC details
000 -LEADER
fixed length control field 00426nam a22001337a 4500
008 - FIXED-LENGTH DATA ELEMENTS--GENERAL INFORMATION
fixed length control field 140320b xxu||||| |||| 00| 0 eng d
050 ## - LIBRARY OF CONGRESS CALL NUMBER
Classification number SPC DT378.M135
100 ## - MAIN ENTRY--PERSONAL NAME
Personal name MacDonald J. F.
9 (RLIN) 9242
245 ## - TITLE STATEMENT
Title Abyssinian Adventure
Statement of responsibility, etc J. F. MacDonald
260 ## - PUBLICATION, DISTRIBUTION, ETC. (IMPRINT)
Place of publication, distribution, etc London
Name of publisher, distributor, etc Cassell and Company LTD.
Date of publication, distribution, etc 1957
300 ## - PHYSICAL DESCRIPTION
Extent viii, 213p. ;
Dimensions 21cm.
650 ## - SUBJECT ADDED ENTRY--TOPICAL TERM
Topical term or geographic name as entry element Description and travel
Geographic subdivision Ethiopia
-- Africa, East
9 (RLIN) 9243
942 ## - ADDED ENTRY ELEMENTS (KOHA)
Source of classification or shelving scheme Library of Congress Classification
Item type REFERENCE
Holdings
Withdrawn status Lost status Source of classification or shelving scheme Damaged status Not for loan Collection code Home library Current library Shelving location Date acquired Total Checkouts Full call number Barcode Date last seen Price effective from Koha item type
    Library of Congress Classification     SPECIAL Collection ARRUPE LIBRARY ARRUPE LIBRARY Main Collection 20/03/2014   SPC DT378.M135 46500001912 20/03/2014 20/03/2014 REFERENCE

 

Arrupe Library. PO Box MP320 Mt Pleasant, Harare, Zimbabwe
263 242 745411|librarian@aju.ac.zw